00618cam a2200205 a 450000100060000000300060000600500170001200800410002903500180007004000270008804100080011508200260012310000280014924500700017726000480024730000280029550400200032350500380034365100310038125824UkOxU20211209050931.0140319s1997 ii b 001 0 eng d aBD-RjUL)25894 aDLCcDLCbengdBD-RjUL aeng00a954.023221bCHM 19971 aChandra, Satish,d1922-10aMedieval India :bfrom Sultanat to the Mughals /cSatish Chandra. aNew Delhi :bHar-Anand Publications,cc1997 a288p. :bill. ;c22 cm. aIncludes index.1 apt. 1. Delhi Sultanat, 1206-1526. 0aIndiaxHistoryy1000-1765.